MARC details
| 000 -CABECERA |
| campo de control de longitud fija |
01618nam a2200277 a 4500 |
| 001 - NÚMERO DE CONTROL |
| campo de control |
000038074 |
| 005 - FECHA Y HORA DE LA ÚLTIMA TRANSACCIÓN |
| campo de control |
20201002031153.0 |
| 008 - DATOS DE LONGITUD FIJA--INFORMACIÓN GENERAL |
| campo de control de longitud fija |
150602s2008 dr a 000 0 spa d |
| 020 ## - NÚMERO INTERNACIONAL ESTÁNDAR DEL LIBRO |
| ISBN cancelado o inválido |
9789945171655 (v. 0) |
| 020 ## - NÚMERO INTERNACIONAL ESTÁNDAR DEL LIBRO |
| ISBN cancelado o inválido |
9945426230 (v. 1) |
| 020 ## - NÚMERO INTERNACIONAL ESTÁNDAR DEL LIBRO |
| ISBN cancelado o inválido |
9945426249 (v. 2) |
| 020 ## - NÚMERO INTERNACIONAL ESTÁNDAR DEL LIBRO |
| ISBN cancelado o inválido |
9945426257 (v. 3) |
| 040 ## - FUENTE DE LA CATALOGACIÓN |
| Centro catalogador/agencia de origen |
DO-SdBNP |
| Lengua de catalogación |
spa |
| Centro/agencia transcriptor |
BNPHU |
| 082 ## - NÚMERO DE LA CLASIFICACIÓN DECIMAL DEWEY |
| Número de clasificación |
xxxx |
| Número de documento/Ítem |
xxxx |
| 100 1# - ENTRADA PRINCIPAL--NOMBRE DE PERSONA |
| Nombre de persona |
Amiama Espaillat, Cristina |
| 9 (RLIN) |
29775 |
| 245 10 - MENCIÓN DE TÍTULO |
| Título |
Pan y canela : |
| Resto del título |
nivel inicial / |
| Mención de responsabilidad, etc. |
Amiama Espaillat, Katherine Zaiter, Rebeca González, Equipo de Ediciones SM ; ilustraciones Henry Cid. |
| 260 ## - PUBLICACIÓN, DISTRIBUCIÓN, ETC. |
| Lugar de publicación, distribución, etc. |
Santo Domingo : |
| Nombre del editor, distribuidor, etc. |
Ediciones SM, |
| Fecha de publicación, distribución, etc. |
2008. |
| 300 ## - DESCRIPCIÓN FÍSICA |
| Extensión |
4 v. : |
| Otras características físicas |
il. ; |
| Dimensiones |
23 cm. |
| 500 ## - NOTA GENERAL |
| Nota general |
Libros para niños de 2 a 5 años de edad. |
| 505 0# - NOTA DE CONTENIDO CON FORMATO |
| Nota de contenido con formato |
v. 0 : |
| Título |
Mi colegio -- |
| -- |
Mi persona -- |
| -- |
Mi familia -- |
| -- |
Los alimentos / |
| Mención de responsabilidad |
Equipo de Ediciones SM -- |
| 505 0# - NOTA DE CONTENIDO CON FORMATO |
| Información miscelánea |
v. 1 , v. 2 : |
| Título |
El centro educativo. La casa -- |
| -- |
Mi persona -- |
| -- |
La experiencia familiar. La navidad -- |
| -- |
Salud. Los alimentos -- |
| -- |
El barrio donde vivo -- |
| -- |
Los animales salvajes -- |
| -- |
Naturaleza y flores -- |
| -- |
Los animales domésticos -- |
| -- |
Las vacaciones / |
| Mención de responsabilidad |
Cristina Amiama Espaillat -- |
| -- |
Katherine Zaiter -- |
| 505 0# - NOTA DE CONTENIDO CON FORMATO |
| Información miscelánea |
v. 3 : |
| Título |
El centro educativo. Mi casa -- |
| -- |
Mi persona -- |
| -- |
La experiencia familiar -- |
| -- |
La navidad -- |
| -- |
El barrio donde vivo -- |
| -- |
Mi país -- |
| -- |
El carnaval -- |
| -- |
Los alimentos y la salud -- |
| -- |
Los animales -- |
| -- |
Los transportes -- |
| -- |
Los medios de comunicación -- |
| -- |
La naturaleza en el planeta tierra / |
| Mención de responsabilidad |
Cristina Amiama Espaillat -- |
| -- |
REbeca González -- |
| 700 1# - PUNTO DE ACCESO ADICIONAL--NOMBRE DE PERSONA |
| Nombre de persona |
Zaiter, Katherine |
| 9 (RLIN) |
64467 |
| 700 1# - PUNTO DE ACCESO ADICIONAL--NOMBRE DE PERSONA |
| Nombre de persona |
González, Rebeca |
| 9 (RLIN) |
64468 |
| 700 1# - PUNTO DE ACCESO ADICIONAL--NOMBRE DE PERSONA |
| Nombre de persona |
Cid, Henry |
| Término indicativo de función/relación |
il. |
| 9 (RLIN) |
346 |